Physics is fun (Record no. 2849)

MARC details
000 -LEADER
fixed length control field 00496nam a2200157Ia 4500
003 - CONTROL NUMBER IDENTIFIER
control field IN-BaIIA
008 - FIXED-LENGTH DATA ELEMENTS--GENERAL INFORMATION
fixed length control field 211028s9999 xx 000 0 eng d
040 ## - CATALOGING SOURCE
Transcribing agency IIA Library
080 ## - UNIVERSAL DECIMAL CLASSIFICATION NUMBER
Universal Decimal Classification number 530.1
Item number JAR-3
100 ## - MAIN ENTRY--PERSONAL NAME
Personal name Jardine, Jim
9 (RLIN) 5083
245 #0 - TITLE STATEMENT
Title Physics is fun
Remainder of title vol. 3, an introductory course for secondary schools in four volumes
Statement of responsibility, etc. Jim Jardine
260 ## - PUBLICATION, DISTRIBUTION, ETC.
Place of publication, distribution, etc. London
Name of publisher, distributor, etc. Heinemann
Date of publication, distribution, etc. 1966
300 ## - PHYSICAL DESCRIPTION
Extent viii, 168p.
650 ## - SUBJECT ADDED ENTRY--TOPICAL TERM
Topical term or geographic name entry element Physics
9 (RLIN) 73
942 ## - ADDED ENTRY ELEMENTS (KOHA)
Koha item type Books
Holdings
Withdrawn status Lost status Damaged status Not for loan Home library Current library Shelving location Date acquired Cost, normal purchase price Total Checkouts Full call number Barcode Date last seen Cost, replacement price Price effective from Koha item type Purchase Price
        IIA Library-Bangalore IIA Library-Bangalore General Stacks 30/03/1967 14.17   530.1/ JAR-3 3173 05/11/2021 14.17 30/03/1967 Books Rs. 14.17

Powered by Koha